000
00209nam a2200097Ia 4500
008
190216s9999||||xx |||||||||||||| ||und||
100
_a
Gopalan Nair K S
245
0
_a
Veetanaykal
260
_b
Null
942
_c
BK
999
_c
24868
_d
24868